| 000 | 00548nam a2200217 a 4500 | ||
|---|---|---|---|
| 001 | nice12345678 | ||
| 003 | IN_TiNIC | ||
| 005 | 20260116015337.0 | ||
| 008 | 100205s1964 lona grp 000 0 eng | ||
| 020 |
_a _c1000 |
||
| 082 | 0 | 0 |
_a423 _bFOW |
| 100 | _aFowler, H W | ||
| 245 | _aThe Concise Oxford Dictionary of Current English | ||
| 260 |
_aLondon _bOxford University Press _c1964 |
||
| 300 | _a1555p | ||
| 500 | _aincludes index and biblioraphy | ||
| 650 | _aDictionary-English | ||
| 902 | _bSRS | ||
| 942 | _cBK | ||
| 999 |
_c19313 _d19313 |
||